Normal view
MARC view
Entry Personal Name
001 - CONTROL NUMBER
- control field: 51512
003 - CONTROL NUMBER IDENTIFIER
- control field: dpl
005 - DATE AND TIME OF LATEST TRANSACTION
- control field: 20120827104446.0
008 - FIXED-LENGTH DATA ELEMENTS
- fixed length control field: 120827|||a|||||| | ||| d
040 ## - CATALOGING SOURCE
- Original cataloging agency: dpl
- Transcribing agency: dpl
100 ## - HEADING--PERSONAL NAME
- Personal name: Hammer, Mark J.,
- Dates associated with a name: 1957-
670 ## - SOURCE DATA FOUND
- Source citation: Work cat.: (dpl)0: Hammer, Mark J., 1931- 51509, Water and wastewater technology /, c2012
670 ## - SOURCE DATA FOUND
- Source citation: Work cat.: (dpl)0: Hammer, Mark J., 1931- 51509, Water and wastewater technology /, c2012
